Statistics for 25 Famous People from Switzerland

Click here to take the quiz!

General Stats

  • This quiz has been taken 111 times
    (60 since last reset)
  • The average score is 8 of 25

Answer Stats

HintAnswer% Correct
Tennis player who has won 20 Grand Slam men's singles titlesRoger Federer
87%
Folk hero of Switzerland who might have existed, but there is no concrete historical evidence that he actually livedWilliam Tell
62%
Football administrator who was the eighth President of the FIFASepp Blatter
53%
Footballer who plays as a midfielder for Arsenal and captains the national teamGranit Xhaka
49%
Female tennis player, who spent a total of 209 weeks as the singles world No.1Martina Hingis
47%
Mathematician who developed "e", a mathematical constant roughly equivalent to 2.71828Leonhard Euler
44%
Actress best known for her role as Bond girl Honey Ryder in the film Dr. NoUrsula Andress
44%
Architect and one of the pioneers of what is now regarded as modern architectureLe Corbusier
40%
Tennis player who has won three Grand Slam titles in his careerStan Wawrinka
40%
Humanitarian who was the visionary, promoter and co-founder of the Red CrossHenry Dunant
38%
German-Swiss novelist and a author of Demian, Steppenwolf and SiddharthaHermann Hesse
38%
Genevan philosopher who influenced the progress of the Enlightenment throughout EuropeJean-Jacques Rousseau
38%
Psychiatrist and psychoanalyst who frequently interacted with Sigmund FreudCarl Jung
36%
Footballer who played as a defender for Arsenal and JuventusStephan Lichtsteiner
33%
Formula One driver who competed from 1970 to 1980, winning five Grands PrixClay Regazzoni
31%
Stage name of singer-songwriter, rapper, dancer, and music producer Peter René BaumannDJ BoBo
31%
Actor who portrayed Adolf Hitler in the Oscar-nominated film DownfallBruno Ganz
24%
Author of the children's story HeidiJohanna Spyri
24%
Alpine ski racer who was voted Swiss Sportswoman of the CenturyVreni Schneider
20%
Road bicycle racer nicknamed "Spartacus" who won 8 individual stages at Tour de FranceFabian Cancellara
18%
Oceanographer and engineer who explored Mariana Trench in the Challenger DeepJacques Piccard
18%
Basketball player who played as a center for Houston and AtlantaClint Capela
13%
Attorney general and prosecutor for the International Criminal Tribunal in the HagueCarla Del Ponte
9%
Racing car driver and co-founder of the car company that was named after himLouis Chevrolet
7%
Computer scientist who designed several programming languages, including PascalNiklaus Wirth
4%

Score Distribution

Percentile by Number Answered

Percent of People with Each Score

Your Score History

You have not taken this quiz since the last reset